[Event "GER-chT U20"]
[Site "Chemnitz"]
[Date "2009.12.29"]
[Round "6.6"]
[White "Hummel, Nikolas"]
[Black "Weissbeck, Joachim Daniel"]
[Result "0-1"]
[WhiteElo "1426"]
[BlackElo "1755"]
[PlyCount "42"]
[EventDate "2009.12.27"]
[EventType "team-swiss"]
[EventRounds "7"]
[EventCountry "GER"]
[SourceTitle "EXT 2022"]
[Source "ChessBase"]
[SourceDate "2021.10.06"]
[SourceVersion "1"]
[SourceVersionDate "2021.10.06"]
[SourceQuality "1"]
[WhiteTeam "Walldorf U20"]
[BlackTeam "Heilbronn U20"]
[WhiteTeamCountry "GER"]
[BlackTeamCountry "GER"]

1. e4 e5 2. Nf3 Nf6 3. Nc3 Bb4 4. d3 Nc6 5. a3 Be7 6. g3 0-0 7. Bg2 d5 8. exd5 Nxd5 9. Nxd5 Qxd5 10. 0-0 Bg4 11. Re1 Qd6 12. h3 Bh5 13. Be3 Rad8 14. Qd2 Bf6 15. g4 Bg6 16. Bg5 Rfe8 17. h4 e4 18. dxe4 Qxd2 19. Nxd2 Bxg5 20. hxg5 Rxd2 21. f4 f6 0-1